000 00477nam a2200205Ia 4500
008 210210b1952 xxu||||| |||| 00| 0 eng d
041 _aeng
082 _a331/139
100 _aMARTHUR (R N)
245 _aIntroduction to money exchange and banking
260 _aDelhi
_bS. Chand & Co. Ltd.
_c1952
650 _ato
650 _amoney
650 _aIntroduction
650 _aexchange
650 _abanking
650 _aand
690 _aBanking
906 _a004041
999 _c122475
_d122475